Twenty One Pilots - Formidable (Lyrics) - Statistics

General Stats
  • This quiz has been taken 4 times
  • The average score is 211 of 245
Answer Stats
Answer % Correct
are
100%
be
100%
can
100%
‘cause
100%
cynical
100%
die
100%
for
100%
formidable
100%
go
100%
I
100%
if
100%
I’ll
100%
I‘ll
100%
it
100%
just
100%
know
100%
let
100%
me
100%
might
100%
see
100%
seem
100%
that
100%
to
100%
towards
100%
wanna
100%
we
100%
where
100%
with
100%
yeah
100%
You
100%
you
100%
all
67%
and
67%
been
67%
believe
67%
bore
67%
but
67%
can‘t
67%
clinical
67%
could
67%
don‘t
67%
ever
67%
everywhere
67%
follow
67%
I‘m
67%
in
67%
left
67%
loyalty
67%
met
67%
my
67%
no
67%
surprises
67%
take
67%
we‘ve
67%
will
67%
worried
67%
your
67%
you‘ve
67%
afraid
33%
at
33%
break
33%
fast-forward
33%
first
33%
heart
33%
more
33%
now
33%
of
33%
reverse
33%
should
33%
somehow
33%
spell
33%
tell
33%
than
33%
thirteen
33%
was
33%
what
33%
won‘t
33%
years
33%
out
0%
played
0%
No matching quizzes found
Score Distribution
Percent of People with Each Score
Percentile by Number Answered
Your Score History
You have not taken this quiz